Cities by Picture #3 - Statistics

General Stats
  • This quiz has been taken 117 times
  • The average score is 8 of 18
Answer Stats
Picture Answer % Correct
Havana
82%
San Francisco
80%
Shanghai
77%
Jerusalem
76%
Florence
75%
Agra
68%
Dover
58%
Las Vegas
56%
Lisbon
48%
Brasilia
41%
Sofia
40%
Mexico City
30%
Oslo
29%
Hamburg
21%
Valletta
21%
Salzburg
18%
Birmingham
15%
The Hague
5%
No matching quizzes found
Score Distribution
Percent of People with Each Score
Percentile by Number Answered
Your Score History
You have not taken this quiz